000 00453nam a2200193Ia 4500
005 20240823012541.0
008 240823s9999||||xx |||||||||||||| ||und||
041 _aENGLISH
082 _A005.43 N0
100 _a"Ashley,Ruth"
245 0 _ateach yourself UNIX
250 _a1st
260 _c1990
_b"BPB,New Delhi"
500 _aTRANSFERED
650 _aUNIX
_bComputer Science
700 _a" Fernandez,Judin"
942 _cBK
999 _c164715
_d164715